Justicia y estado (Record no. 137503)

MARC details
000 -LEADER
fixed length control field 00684cam a2200205 4500
005 - DATE AND TIME OF LATEST TRANSACTION
control field 20260216111038.0
008 - FIXED-LENGTH DATA ELEMENTS--GENERAL INFORMATION
fixed length control field 090518s1996 ag 000 0 spa u
020 ## - INTERNATIONAL STANDARD BOOK NUMBER
International Standard Book Number 9509385891
050 04 - LIBRARY OF CONGRESS CALL NUMBER
Classification number KHA3156
Item number B54 1996
100 1# - MAIN ENTRY--PERSONAL NAME
Personal name Bielsa, Rafael A.
245 10 - TITLE STATEMENT
Title Justicia y estado
Remainder of title : a propósito del Consejo de la Magistratura
Statement of responsibility, etc / Rafael A. Bielsa, Eduardo R. Graña
250 ## - EDITION STATEMENT
Edition statement 1a ed.
260 ## - PUBLICATION, DISTRIBUTION, ETC. (IMPRINT)
Place of publication, distribution, etc Buenos Aires :
Name of publisher, distributor, etc Ciudad Argentina,
Date of publication, distribution, etc 1996
300 ## - PHYSICAL DESCRIPTION
Extent 895 p. ;
Dimensions 20 cm.
504 ## - BIBLIOGRAPHY, ETC. NOTE
Bibliography, etc Bibliografía : p. 861-884 e índice
650 #7 - SUBJECT ADDED ENTRY--TOPICAL TERM
Source of heading or term lemb
Topical term or geographic name as entry element Poder judicial
Geographic subdivision Argentina
650 #7 - SUBJECT ADDED ENTRY--TOPICAL TERM
Source of heading or term lemb
Topical term or geographic name as entry element Jueces
Geographic subdivision Argentina
700 1# - ADDED ENTRY--PERSONAL NAME
Personal name Graña, Eduardo R.,
Relator term autor
942 ## - ADDED ENTRY ELEMENTS (KOHA)
Source of classification or shelving scheme Biblioteca del Cogreso de los Estados Unidos
Koha item type Libro
Holdings
Estado de pérdida Fuente de clasificación Estado del daño No para préstamo Ubicación permanente Ubicación actual Apartado o colección Fecha de adquisición Edición Área del conocimiento Total Checkouts Clasificación Código de Barras Date last seen Número de copia Costo por reposición Tipo de recurso
  Biblioteca del Cogreso de los Estados Unidos     Biblioteca de la Facultad de Derecho y Ciencias Sociales "Felipe J. Tena" Biblioteca de la Facultad de Derecho y Ciencias Sociales "Felipe J. Tena" General 04/08/2021 1a ed. Ciencias Sociales y Administrativas   KHA3156 B54 1996 BFD000012489 04/08/2021 1 1.00 Libro